Peněžní a finanční soustavy v kapitalistických státech
Gespeichert in:
| Format: | Buch |
|---|---|
| Sprache: | Tschechisch |
| Veröffentlicht: |
Praha
Státní pedagogické nakladatelství
1971
|
| Schriftenreihe: | Učební texty vysokých škol
|
| Tags: |
Keine Tags, Fügen Sie das erste Tag hinzu!
|
MARC
| LEADER | 00000nam a2200000 4500 | ||
|---|---|---|---|
| 001 | c111318 | ||
| 005 | 20260323080511.8 | ||
| 041 | 0 | |a cze | |
| 044 | |a CZ | ||
| 245 | 1 | 0 | |a Peněžní a finanční soustavy v kapitalistických státech |c Jiřina Průchová a kol. |
| 264 | 1 | |a Praha |b Státní pedagogické nakladatelství |c 1971 | |
| 300 | |a 165 s. | ||
| 490 | 1 | |a Učební texty vysokých škol | |
| 830 | 0 | |a Učební texty vysokých škol | |